000 00663nam a2200181Ia 4500
003 GCL
008 140319s9999 xx 000 0 ara d
040 _aGCL /
_cGCL
082 0 4 _a621.38804
_bم د
100 1 _aمحمد وجيه حسن
245 1 0 _aالدوائر العلمية لتوصيلات التليفزيون الملون /
_cمحمد وجيه حسن
490 _aالهيئة العامة للاستعلامات
_v0
650 0 4 _aالتليفزيون الملون
650 0 4 _aالتليفزيون
650 0 4 _aالدوائر التلفزيونية المغلقة
650 0 4 _aالتليفزيون الملون - اجهزة
942 _2ddc
_cBK
999 _c48085
_d48085